Aida-Fantasie, op. 158 piano /

Hlavní autor: Leybach, Joseph, 1817-1891
Další autoři: Verdi, Giuseppe, 1813-1901
Jazyk: Nelze použít, není lingvistický obsah
Vydáno: Mainz : Schott, [1890?]
Edice: Edition Schott
Fyzický popis: 13 s.
Hudebniny Hudebniny
Uloženo v:
LEADER 00832ncm a22002412a 4500
001 001240372
003 CZ BrMZK
005 20121105082336.0
007 qu
008 120817s1890 gw |||||||||||||||||zxx d
040 |a BOA001  |b cze 
072 7 |a 786  |x Hudba pro klávesové nástroje  |2 Konspekt  |9 9 
100 1 |a Leybach, Joseph,  |d 1817-1891  |7 xx0020200  |4 cmp 
245 1 0 |a Aida-Fantasie, op. 158  |h [hudebnina] :  |b piano /  |c Ignace Xavier Joseph Leybach ; opéra de Verdi 
260 |a Mainz :  |b Schott,  |c [1890?] 
300 |a 13 s. 
490 1 |a Edition Schott ;  |v No. 08871, 08872 
700 1 |a Verdi, Giuseppe,  |d 1813-1901  |7 jn19990008764  |4 ant 
830 0 |a Edition Schott 
910 |a BOA001  |b Mus4-0466.255 
990 |a MU 
991 |b 201208 
996 6 |b 2619075264  |c Mus4-0466.255  |l MZK  |r Sklad / do 1 hodiny  |n 0  |w 001274357  |u 000010  |a 1  |e BOA001  |j MZK50  |s P